| 000 | 00627nam a22002177a 4500 | ||
|---|---|---|---|
| 005 | 20170308165001.0 | ||
| 008 | 170308b xxu||||| |||| 00| 0 spa d | ||
| 020 | _a9788497429108 | ||
| 040 |
_aCO-BoIAVH _cCO-BoIAVH |
||
| 041 | _aspa | ||
| 044 | _asp | ||
| 082 |
_a372.45044 _bL84a |
||
| 100 |
_aLópez Cerezo, Jose _eeditor |
||
| 245 | _aApropiación social de la ciencia | ||
| 260 |
_aEspaña: _bBiblioteca Nueva, _c2008. |
||
| 300 | _a318 paginas | ||
| 650 | 1 | 4 | _aCultura científica |
| 650 | 1 | 4 | _aComunicación social |
| 700 | _aGómez Gonzales, Francisco Javier | ||
| 942 |
_2ddc _cLIBRO |
||
| 999 |
_c19405 _d19405 |
||